[Event "tio"]
[Site "http://www.queenalice.com/game.php?id=364614"]
[Date "2008.3.3"]
[Round "-"]
[White "julianakp"]
[Black "charles"]
[Result "0-1"]
[WhiteElo "1294"]
[BlackElo "1792"]

1. d4 d5 2. b3 e6 3. c4 dxc4 4. bxc4 Bb4+ 5. Bd2 Qxd4 6. e3 Qxa1 7. Bc3 Bxc3+ 8.
Nxc3 Qxc3+ 9. Ke2 Qb2+ 10. Kf3 Nh6 11. Bd3 Qf6+ 12. Kg3 Qg5+ 13. Kf3 Qg4# 0-1

[Event "Challenge"]
[Site "http://www.queenalice.com/game.php?id=364615"]
[Date "2008.3.3"]
[Round "-"]
[White "julianakp"]
[Black "charles31"]
[Result "0-1"]
[WhiteElo "1251"]
[BlackElo "1863"]

1. d4 d5 2. b3 Bg4 3. f3 Bh5 4. g4 Bg6 5. h4 Nc6 6. h5 Bxc2 7. Qxc2 e6 8. g5
Nxd4 9. Qc3 Nc6 10. e4 d4 11. Qd3 e5 12. Na3 Bb4+ 13. Kd1 Bxa3 14. Bxa3 Qxg5 15.
Qb5 Rb8 16. Bc4 Ne7 17. Bd5 O-O 18. Qc5 Qe3 19. Ne2 Qxf3 20. Rh4 d3 21. Qc2
dxc2+ 22. Kxc2 Qxe2+ 23. Kc3 Nxd5+ 24. exd5 Qe3+ 25. Kc2 Nd4+ 26. Kb1 Qd3+ 0-1

[Event "prima x primo "]
[Site "http://www.queenalice.com/game.php?id=372395"]
[Date "2008.3.17"]
[Round "-"]
[White "julianakp"]
[Black "clk"]
[Result "1-0"]
[WhiteElo "1355"]
[BlackElo "1539"]

1. d4 d5 2. b3 Nc6 3. c4 dxc4 4. bxc4 Nxd4 5. e3 Ne6 6. f4 Qxd1+ 7. Kxd1 Nf6 8.
c5 Nxc5 9. Nf3 Nfe4 10. Ne5 Bg4+ 11. Kc2 Bf5 12. Be2 Nf2+ 13. Kd2 Nce4+ 14. Kc2
Ng3+ 15. Bd3 Bxd3+ 16. Nxd3 Ngxh1 17. Ne5 Ne4 18. Nc3 Nhf2 19. Nd5 1-0

[Event "primo x primo"]
[Site "http://www.queenalice.com/game.php?id=372969"]
[Date "2008.3.18"]
[Round "-"]
[White "julianakp"]
[Black "leonard99"]
[Result "1-0"]
[WhiteElo "1336"]
[BlackElo "1403"]

1. d4 d5 2. b3 b6 3. a4 a5 4. Nf3 Bg4 5. h3 Bh5 6. g4 Bg6 7. Ng5 e5 8. Qd2 h6 9.
Rh2 hxg5 10. dxe5 Nc6 11. Bb2 Bb4 12. c3 1-0

[Event "Challenge"]
[Site "http://www.queenalice.com/game.php?id=374410"]
[Date "2008.3.20"]
[Round "-"]
[White "Drica"]
[Black "julianakp"]
[Result "1-0"]
[WhiteElo "1583"]
[BlackElo "1355"]

1. e4 e5 2. Qf3 Nf6 3. Bc4 a6 4. Qf5 g6 5. Qxe5+ Qe7 6. Qxe7+ Bxe7 7. Nc3 b5 8.
Bb3 h5 9. Nf3 c6 10. d3 Ng4 11. Ng5 f6 12. Nf7 Rf8 13. Nd5 Rxf7 14. Nc7+ Kd8 15.
Nxa8 Rf8 16. Nb6 Bb7 17. h3 Nh6 18. Bxh6 Re8 19. O-O-O c5 20. g4 a5 21. gxh5
gxh5 22. Rhg1 Kc7 23. Nd5+ Kd6 24. Nxe7 Rxe7 25. Bf4+ Kc6 26. Bxb8 Re5 27. Bxe5
fxe5 28. Bd5+ Kc7 29. Bxb7 Kxb7 30. Rg7 c4 31. dxc4 bxc4 32. Rdxd7+ Kb6 33. a4
Kc5 34. c3 Kc6 35. Rd5 Kb6 36. Rg6+ Kb7 37. Rd7+ 1-0

[Event "Challenge"]
[Site "http://www.queenalice.com/game.php?id=377281"]
[Date "2008.3.26"]
[Round "-"]
[White "julianakp"]
[Black "rafajeff"]
[Result "0-1"]
[WhiteElo "1240"]
[BlackElo "1682"]

1. d4 e6 2. b3 Nc6 3. f3 Qf6 4. c3 d5 5. e4 dxe4 6. fxe4 g5 7. e5 Qe7 8. Nf3 Bh6
9. g3 g4 10. Nh4 a6 11. Ng2 f5 12. exf6 Nxf6 13. Ba3 Qf7 14. Bc5 b6 15. Ba3 Ne4
16. Bd3 Qf2# 0-1

[Event "Juju e suas manias x o craque"]
[Site "http://www.queenalice.com/game.php?id=377828"]
[Date "2008.3.27"]
[Round "-"]
[White "julianakp"]
[Black "charles"]
[Result "0-1"]
[WhiteElo "1365"]
[BlackElo "1836"]

1. d4 d5 2. b3 Nf6 3. c4 Bf5 4. h3 e6 5. g4 Be4 6. f3 Bg6 7. h4 Bb4+ 8. Bd2 Nc6
9. cxd5 Qxd5 10. a3 Qxd4 11. axb4 Qxa1 12. Bc3 Qa2 13. Qc1 Qxb3 14. Qb2 Qd5 15.
e4 Nxe4 16. fxe4 Qxe4+ 17. Be2 Qxh1 18. Na3 Qxg1+ 19. Kd2 Rd8+ 20. Bd3 Rxd3+ 21.
Ke2 Qg2+ 22. Ke1 Qg3+ 23. Ke2 Qg2+ 24. Ke1 Re3+ 25. Kd1 Qf1+ 26. Kd2 Qe1# 0-1

[Event "AUTO-OPEN-1075"]
[Site "http://www.queenalice.com/game.php?id=379612"]
[Date "2008.3.30"]
[Round "1"]
[White "clk"]
[Black "julianakp"]
[Result "0-1"]
[WhiteElo "1593"]
[BlackElo "1282"]

1. d4 d5 2. Bg5 f6 3. Bh4 g5 4. Bg3 f5 5. Be5 Nf6 6. Nf3 h6 7. e3 c5 8. Bb5+ Bd7
9. Nc3 g4 10. Bxf6 exf6 0-1

[Event "AUTO-OPEN-1075"]
[Site "http://www.queenalice.com/game.php?id=379634"]
[Date "2008.3.30"]
[Round "1"]
[White "Jac"]
[Black "julianakp"]
[Result "1-0"]
[WhiteElo "1904"]
[BlackElo "1359"]

1. e4 d5 2. exd5 Qxd5 3. Nc3 Qe5+ 4. Qe2 Qxe2+ 5. Bxe2 g6 6. Nf3 Bh6 7. Nd5 Na6
8. Bxa6 bxa6 9. Nxc7+ Kd7 10. Nxa8 Bb7 11. Ne5+ Ke6 12. Ng4 f5 13. Nxh6 Nxh6 14.
Nc7+ Kd7 15. d3 f4 16. Bxf4 1-0

[Event "AUTO-OPEN-1075"]
[Site "http://www.queenalice.com/game.php?id=379635"]
[Date "2008.3.30"]
[Round "1"]
[White "julianakp"]
[Black "Jac"]
[Result "0-1"]
[WhiteElo "1357"]
[BlackElo "1906"]

1. e4 e5 2. d4 exd4 3. Qxd4 Nc6 4. Qc4 Nf6 5. Nc3 Qe7 6. Bd3 d6 7. Nd5 Nxd5 8.
Qxd5 Ne5 9. Bd2 c6 10. Bb4 cxd5 11. Bb5+ Bd7 12. a4 Qh4 13. g3 Qxe4+ 14. Kf1
Qxh1 15. Re1 Bxb5+ 16. Re2 Bxe2+ 17. Kxe2 Qe4+ 18. Kd2 Qxb4+ 0-1

[Event "AUTO-OPEN-1075"]
[Site "http://www.queenalice.com/game.php?id=379646"]
[Date "2008.3.30"]
[Round "1"]
[White "allazzarini"]
[Black "julianakp"]
[Result "1-0"]
[WhiteElo "2087"]
[BlackElo "1348"]

1. e4 d5 2. exd5 Qxd5 3. d4 Nc6 4. Nf3 Bg4 5. c3 Bxf3 6. Qxf3 Qxf3 7. gxf3 Nf6
8. Bb5 O-O-O 9. Be3 Ne5 10. dxe5 Nh5 11. f4 e6 12. Nd2 Bc5 13. Bxc5 b6 14. Be7
Rd7 15. Bxd7+ Kxd7 16. Bh4 Kc6 17. Bg3 1-0

[Event "AUTO-OPEN-1075"]
[Site "http://www.queenalice.com/game.php?id=379647"]
[Date "2008.3.30"]
[Round "1"]
[White "julianakp"]
[Black "allazzarini"]
[Result "0-1"]
[WhiteElo "1346"]
[BlackElo "2089"]

1. e4 e5 2. d4 exd4 3. Qxd4 Nc6 4. Qd3 Bc5 5. Nc3 Qf6 6. Nf3 Ne5 7. Bg5 Nxd3+ 8.
cxd3 Qb6 9. b4 Qxb4 10. Nd2 Qxc3 11. f3 Qxa1+ 12. Ke2 f6 13. Bh4 Qxa2 14. f4 Ne7
0-1

[Event "Challenge"]
[Site "http://www.queenalice.com/game.php?id=382837"]
[Date "2008.4.5"]
[Round "-"]
[White "julianakp"]
[Black "shiguer"]
[Result "0-1"]
[WhiteElo "1361"]
[BlackElo "1705"]

1. e4 e5 2. c3 d5 3. f3 Nf6 4. Bb5+ c6 5. Bd3 d4 6. h4 g6 7. Bc4 b5 8. Bb3 d3 9.
Nh3 a5 10. c4 a4 11. Bc2 Na6 12. Nc3 Nb4 13. Nf2 Nxc2+ 14. Kf1 Nxa1 15. b3 Bc5
16. Nxd3 Qxd3+ 17. Qe2 Qc2 18. g3 Nh5 19. g4 Ng3+ 20. Ke1 Nxe2 0-1